01080nam a2200253Ii 45000010006000000050017000060080041000230200015000640400033000790820023001121000055001352450082001902640065002723000027003373360030003643370028003943380028004225000082004506510056005326510065005887000063006537000058007167000052007745350720260203211332.0241108s9999||||xx |||||||||||||| ||und|| a9586120910 aCO-ViMGAbspaerdacCO-ViMGA04a918 L11abL11a2231 aLa Condamine, Carlos María ded1701-1774eAutor 10aLa América meridional - Canal de PanamácCharles Marie de La Condamine,  1aBogota, Colombia: bInstituto Colombiana de Cultura, c1992 a213 páginas c24 cm. atextobtxt2rdacontenido  ano mediadobn2rdamedio avolumebnc2rdasoporte  aEdición conmemorativa del Quinto Centenario del Descubrimiento de América 4aAmérica xHistoria vEnsayos, conferencias, etc.  4aCanal de Panamá xHistoria vEnsayos, conferencias, etc.. 1 aBonaparte Wyse, Luis Luciano Napoleón, 1844-1909.eautor1 aEfrén de la, Madre de Dios, Fray, 1915-1995.eautor1 aMejía, Ana Cristina, $etraductor.etraductor.